000 00470nam a2200193 a 4500
001 1765971515476
003 ACL
005 20251217171701.0
008 251217s2007##################000#0#eng##
020 _a9780061119880
082 0 4 _a641.5638
_bMAL
100 1 _aMallorca, Jacqueline,
_eauthor.
245 1 0 _aThe Wheat-Free Cook :
260 _bHarper Collins,
_c2007.
300 _a240 pages
650 0 _aCooking.
942 _cENGLISH
040 _aACL
_beng
_cACL
999 _c603092
_d603092